The greatest questions of the Bible and of life. (Record no. 3392)

000 -LEADER
fixed length control field 00588nam a2200181 a 4500
001 - CONTROL NUMBER
control field :::00001122$&:&@@
003 - CONTROL NUMBER IDENTIFIER
control field OkBaRHE
005 - DATE AND TIME OF LATEST TRANSACTION
control field 20000607103241.0
008 - FIXED-LENGTH DATA ELEMENTS--GENERAL INFORMATION
fixed length control field s1948 j 000 0 eng u
040 ## - CATALOGING SOURCE
Transcribing agency
100 1# - MAIN ENTRY--PERSONAL NAME
Personal name Macartney, Clarence Edward Noble, 1879-1957.
245 14 - TITLE STATEMENT
Title The greatest questions of the Bible and of life.
260 ## - PUBLICATION, DISTRIBUTION, ETC. (IMPRINT)
Place of publication, distribution, etc New York, NY., :
Name of publisher, distributor, etc Abingdon-Cokesbury Press
Date of publication, distribution, etc c1948
300 ## - PHYSICAL DESCRIPTION
Extent 223 p. ;
Dimensions 20 cm.
650 ## - SUBJECT ADDED ENTRY--TOPICAL TERM
Topical term or geographic name as entry element Bible
General subdivision Theology
942 ## - ADDED ENTRY ELEMENTS (KOHA)
Source of classification or shelving scheme
Koha item type Books
Copies
Not for loan Date last seen Price effective from Full call number Barcode Withdrawn status Copy number Date acquired Shelving location Damaged status Koha item type Source of classification or shelving scheme Lost status Permanent Location
 2018-02-162010-04-14BS 543 .M3231122 12010-04-14General Stacks Books  RHEMA Bible Training College